000 00540nam a2200169 i 4500
001 134842
003 ES-MaACL
005 20251019063053.0
007 t|
008 070629s1929 fr ||||1| fre d
100 1 _aVan Tieghem, Philippe Adrien,
_d1898-1969
_9173802
245 1 3 _aLa nouvelle Heloïse de Jean-Jacques Rousseau
_b: avec un index de tous les noms cités /
_cPhilippe van Tieghem.
260 _aParis :
_bF. Paillart,
_c1929.
300 _a144 ;
_c19 cm.
852 _aES-MaACL
_jA-3157
999 _c134842
_d134842